000 00587nam a2200229Ia 4500
003 OSt
005 20220918210823.0
006 a|||||r|||| 00| 0
007 ta
008 220917b |||||||| |||| 00| 0 eng d
024 _a122,202
037 _cTextual
040 _aARTS
_cARTS
_beng
041 _2eng
_aeng
082 _aV91:1:N2, F7
100 _aBallard Admiral G A
_9119339
245 0 _aRulers of the Indian Ocean
260 _aNA
_bNA
_c1927
650 _aHISTORY
942 _hV91:1:N2, F7
_cTEXL
_2CC
999 _c245394
_d245394